| 000 | 01026nam a2200253 i 4500 | ||
|---|---|---|---|
| 001 | 181938 | ||
| 003 | ES-MaACL | ||
| 005 | 20251011063159.0 | ||
| 008 | 130508s2009 sp s | |||||||| | spa d | ||
| 020 | _a978-84-613-5506-8 | ||
| 080 | _a821.134.2(861)-14"19" | ||
| 100 | 1 |
_aVidales, Mauricio, _d1962- _9152743 |
|
| 245 | 1 | 0 |
_aDe-cantares de ires, iras y esperanza : _b(Cali, 2006-Madrid, 2009) / _cMauricio Vidales ; prólogo de Héctor José Arenas Amorocho ; [ilustraciones de Joan Castejón]. |
| 260 |
_aHuelva : _bIsla Varia, _cimp. 2009. |
||
| 300 |
_a101 p. : _bil. ; _c20 cm. |
||
| 490 | 1 | _aIslaVaria poesía | |
| 700 | 1 |
_aCastejón, Joan. _9152744 |
|
| 700 | 1 |
_aArenas Amorocho, Héctor José. _9152745 |
|
| 830 | 0 |
_aIslaVaria poesía _9224777 |
|
| 852 |
_aES-MaACL _jA-12633 _9188846 _bR.148934 _cDEPO1 _dOlim: N-5634 _xDonación: Miguel Pastrana _zDedicatoria autógrafa del autor |
||
| 903 |
_aPastrana, Miguel, _d1975- _ednr _eAteneista _9140823 |
||
| 942 |
_2udc _cMONOGRAFIA |
||
| 999 |
_c181938 _d181938 |
||